000 00420cam a2200157ua 4500
041 _aeng
_h
082 _a306
_bMER/SO
100 _aMerrill, Francis.E .
245 _aSociety and culture : An introduction to sociology /
_cE.Francis Merrill.
_hTextual Documents
250 _a2 /
_b.
260 _aNew Jersey :
_bPrentice Hall Inc ,
_c1961.
300 _a619 ; .
504 _a
942 _cBK
999 _c2320
_d2320